AH International Schools' Libraries

The wild robot / (Record no. 40738)

MARC details
000 -LEADER
fixed length control field 00447nam a22001457a 4500
008 - FIXED-LENGTH DATA ELEMENTS--GENERAL INFORMATION
fixed length control field 200131b ||||| |||| 00| 0 eng d
020 ## - INTERNATIONAL STANDARD BOOK NUMBER
International Standard Book Number 9781848127272
100 ## - MAIN ENTRY--PERSONAL NAME
Personal name Brown, Peter
9 (RLIN) 74696
245 ## - TITLE STATEMENT
Title The wild robot /
Statement of responsibility, etc Peter Brown
260 ## - PUBLICATION, DISTRIBUTION, ETC. (IMPRINT)
Place of publication, distribution, etc London
Name of publisher, distributor, etc Piccadilly Press
Date of publication, distribution, etc 2018
300 ## - PHYSICAL DESCRIPTION
Extent 276 p.
Dimensions 19 cm.
650 ## - SUBJECT ADDED ENTRY--TOPICAL TERM
Topical term or geographic name as entry element Survival. Island. Animals. Friendship.
9 (RLIN) 52851
Form subdivision Fiction.
655 ## - INDEX TERM--GENRE/FORM
Genre/form data or focus term Science Fiction. Fantasy.
-- 60785
942 ## - ADDED ENTRY ELEMENTS (KOHA)
Source of classification or shelving scheme
Item type J FIC BOOKS
Holdings
Withdrawn status Lost status Source of classification or shelving scheme Damaged status Not for loan Home library Current library Date acquired Total Checkouts Full call number Barcode Date last seen Date last borrowed Price effective from Koha item type
          Asian Hope Secondary Library Asian Hope Secondary Library 01/31/2020 3 J FIC BRO BK. 1 198100 01/16/2026 12/03/2024 01/31/2020 J FIC BOOKS

For any Logos Library related questions please contact Miss Art at swongnarasuk@asianhope.org.

For any Asian Hope Library related questions please contact Miss Raza at graza@asianhope.org.

Powered by Koha